00714nam a2200217Ia 450000500170000000800410001702000140005804000190007204100120009108200170010310000240012024501170014426000350026130000160029650400500031263000390036265000170040165100420041870000260046085000100048620240207114245.0131103s9999 xx 000 0 und d a394523466 aLoreto College aEnglish a342.973bCOL aCollier,Christopher aDecision in Philadelphiab the constitution convention of 1787 cChristopher Collier [and] James Lincoln Collier aNew YorkbRandom Housecc 1986 axvi,331 p.  aIncludes bibliographical references and index aUnited States - Constitutional Law aConstitution aConstitutional and Administrative Law aCollier,James Lincoln aLCLIB